000 00816cam a22002531 4500
001 7949200
005 20050809120232.0
008 740610s1959 xx 000 0 eng
010 _a 59001511
035 _a(OCoLC)911947
040 _aDLC
_cOU
_dTxLoL
_dOCoLC
_dDLC
042 _apremarc
050 0 0 _aBJ1025
_b.W44 1959
082 _a170
100 1 _aWheelwright, Philip Ellis,
_d1901-
245 1 2 _aA critical introduction to ethics.
250 _a3d. ed.
260 _aNew York,
_bOdyssey Press
_c[c1959]
300 _axiv, 401 p.
_c24 cm.
650 0 _aEthics.
906 _a7
_bcbc
_coclcrpl
_du
_encip
_f19
_gy-gencatlg
942 _2lcc
_cBK
999 _c26594
_d26594